LEADER 00893nam0-2200325 --450 001 9910291559503321 005 20240403161632.0 010 $a978-88-7018-647-5 100 $a20181113d2007----kmuy0itay5050 ba 101 0 $aita 102 $aIT 105 $ay 001yy 200 1 $aMetafisica del conflitto$fGianluca Giannini 210 $aGenova$cIl melangolo$d2007 215 $a155 p.$d21 cm 225 1 $aUniversità$v89 610 0 $aConflitto 610 0 $aViolenza 610 0 $aAggressività 676 $a155.232$v22$zita 676 $a303.6$v22$zita 700 1$aGiannini,$bGianluca$0145772 801 0$aIT$bUNINA$gREICAT$2UNIMARC 901 $aBK 912 $a9910291559503321 952 $aP.1 FG 2781$bbibl. 2019$fFLFBC 952 $aDAM A10 GIAG 01$b2024/3444$fFLFBC 959 $aFLFBC 996 $aMetafisica del conflitto$91022363 997 $aUNINA